Interaktívny grafický systém pre tvorbu virtuálnych galérií a predajní

Gespeichert in:
Bibliographische Detailangaben
1. Verfasser: Vince, Jozef (Verfasst von)
Weitere Verfasser: Šperka, Martin, 1945- (Betreuung Doktorarbeit)
Format: Manuskript Buch
Veröffentlicht: Bratislava : STU v Bratislave FEI, 2002
Schlagworte:
Tags: Tag hinzufügen
Keine Tags, Fügen Sie das erste Tag hinzu!

MARC

LEADER 00000ntm a22000003a 4500
001 stu76365
005 20150617225645.5
008 020628s2002----------------------------d
040 |a STU  |b slo 
041 0
100 1 |a Vince, Jozef  |4 aut  |u E220  |U FEI Fakulta elektrotechniky a informatiky  |T FEI Katedra informatiky a výpočtovej techniky  |U E220  |Y 69 
245 1 |a Interaktívny grafický systém pre tvorbu virtuálnych galérií a predajní 
260 |a Bratislava :  |b STU v Bratislave FEI,  |c 2002 
300 |a 102 s 
650 7 |a informatika  |2 stusub 
700 1 |a Šperka, Martin,  |d 1945-  |4 ths  |u E220  |U FEI Fakulta elektrotechniky a informatiky  |T FEI Katedra informatiky a výpočtovej techniky  |X 1924  |U E220  |Y 69  |7 1924 
996 |b EDIPL-7010  |c I*DIPL-7010  |l II680  |s A  |a 24  |w stu76365_0001